Llwytho...

Foreign trade and india's export policy

Manylion Llyfryddiaeth
Prif Awdur: Susheela, Subrahmanya
Fformat: Printed Book
Iaith:Undetermined
Cyhoeddwyd: New Delhi Deep & Deep Publications 1985
LEADER 00528nam a2200133Ia 4500
008 161229s9999 xx 000 0 und d
082 |a 382.63 SUS/FO 
100 |a Susheela, Subrahmanya 
245 |a Foreign trade and india's export policy 
260 |b Deep & Deep Publications  |a New Delhi  |c 1985 
300 |a 286 
942 |c BK 
999 |c 151867  |d 151867 
952 |0 0  |1 0  |4 0  |6 382_630000000000000_SUSFO  |7 0  |9 150924  |a KAUCLV  |b KAUCLV  |d 2016-12-29  |g 150.00  |o 382.63 SUS/FO  |p 903176  |r 2016-12-29  |w 2016-12-29  |y BK  |z Book transferred from CCBM Library ,Acc.No:210